|
|
|
|
| LEADER |
01309nam a22002657a 4500 |
| 001 |
41332 |
| 003 |
BD-DhAAL |
| 008 |
230716t2012 bg ||||| |||| 00| 0 ben d |
| 020 |
|
|
|a 9789848810057
|
| 040 |
|
|
|a BD-DhAAL
|c BD-DhAAL
|
| 041 |
|
|
|a ben
|
| 082 |
|
|
|a 362.5095492
|2 23
|
| 100 |
|
|
|a বায়েস, আব্দুল.
|
| 245 |
|
|
|a গরিব দেশে গরিব মানুষ :
|b বাংলাদেশ /
|c আব্দুল বায়েস ও মাহবুব হোসেন.
|
| 260 |
|
|
|a ঢাকা :
|b এ এইচ ডেভেলপমেন্ট পাবলিশিং হাউস,
|c ২০১২.
|
| 300 |
|
|
|a ১৪৩ পৃষ্ঠা ;
|c ২৩ সে.মি.
|
| 504 |
|
|
|a গ্রন্থপঞ্জিগত নির্দেশিকা ও নির্ঘণ্ট অন্তর্ভুক্ত।
|
| 541 |
|
|
|a Donated By Akbar Ali Khan
|e 41332
|
| 650 |
|
|
|a Poverty
|z Bangladesh.
|
| 650 |
|
|
|a Poor
|z Bangladesh.
|
| 651 |
|
|
|a Bangladesh
|x Economic conditions.
|
| 852 |
|
|
|a Ayesha Abed Library
|c Akbar Ali Khan Collection
|
| 942 |
|
|
|2 ddc
|c BK
|
| 999 |
|
|
|c 45978
|d 45978
|
| 952 |
|
|
|0 0
|1 0
|2 ddc
|4 0
|6 362_509549200000000_BAY
|7 1
|9 73960
|a BRACUL
|b BRACUL
|c AAKC
|d 2023-07-16
|e Donated By Akbar Ali Khan
|g 500.00
|l 0
|o 362.5095492 BAY
|p 3010041332
|r 2023-07-16
|t 1
|w 2023-07-16
|y BK
|